Music Quiz

Random Music Quiz

Blood on the Dance Floor songs Quiz Stats

 Plays Quiz not verified by Sporcle

Score 0/58 Timer 10:00
0 Plays Today
Song % Correct
Sexting
75.3%
Scream For My Ice Cream
60.7%
Candyland
57.3%
Ima Monster
48.3%
I Heart Hello Kitty
44.3%
IDGAF
44%
S My D
43%
Believe
42.2%
Blood on the DanceFloor
34.5%
Its On Like Donkey Kong
32.9%
Innocent High
32.4%
Bitches Get Stitches
31.3%
Lovestruck
30.5%
Inject Me Sweetly
27.3%
Well Suck Me!
26.8%
Looking Hot, Dangerous
26%
**** Get Guts
22.8%
Fallen Star
22.5%
Success Is The Best Revenge
21.8%
Sugar Rush
21%
You Done Goofed
20.4%
Mad Rad Hair
19.9%
Money and Hoes
19.6%
Lose Control
19.4%
Mosh & Roll
18.6%
Keys to the Bakery
18.3%
Save The Rave
18.3%
Beautiful Surgery
18%
Epic
18%
Song % Correct
Horrifically Delicious
17.2%
Suicide Club
17.2%
Party On
17%
**** The Rest, We The Best
16.7%
Siq With a Q
16.4%
Wet Dream War Machine
16.2%
Im What Dreams Are Made Of
16.2%
Lets Start a Riot
15.9%
Sex and Violence
15.1%
Slash Gash Terror Crew Anthem
14.9%
I Hope You Choke
14.9%
Designed to Kill
14.3%
I Can't Get Enuff
14.1%
Libertine
13.8%
Its Happening
13%
D.U.I
12.7%
Crunkman
11.7%
Up All Night!
11.7%
My Gift & My Curse
11.7%
Modern World Christ
10.3%
An Epic of Epicness
10.1%
Knockout
9.3%
Do You Wanna Be a Superstar?
6.9%
Miss Bipolar(Love Fight)
6.4%
Your a Dancer, Not a Lover
5.6%
Til Death Do We Party
5.3%
Closer
5%
Death To You Heart!
4%
In Hard To Be A Diamond In a Rhinestone World
2.1%

You're not logged in!

Compare scores with friends on all Sporcle quizzes.
OR
Log In

Show Comments

Extras

Created Nov 19, 2010ReportNominate

Top Quizzes Today


Score Distribution

Your Account Isn't Verified!

In order to create a playlist on Sporcle, you need to verify the email address you used during registration. Go to your Sporcle Settings to finish the process.

Report this User

Report this user for behavior that violates our Community Guidelines.

Details: